| 000 | 00586nam a22002537a 4500 | ||
|---|---|---|---|
| 003 | UA-OsUOA | ||
| 001 | 28737 | ||
| 007 | ta | ||
| 008 | 20050428b un ||||| |||| 00| 0 ukr d | ||
| 100 | _aСтендаль | ||
| 090 |
_a821.161.2 _bС79 |
||
| 942 | _cBK | ||
| 040 |
_aUA-OsUOA _bukr _cUA-OsUOA _dUA-OsUOA |
||
| 245 |
_aПармський монастир _cСтендаль |
||
| 300 | _a478 с. | ||
| 955 | _a0 | ||
| 041 | _aukr | ||
| 080 | _a821.161.2 | ||
| 020 | _a966-03-1789-1 | ||
| 260 |
_aХ. _bФоліо _c2003 |
||
| 044 | _aUA | ||
| 650 | 7 | _2UDC | |
| 999 |
_c315109 _d315109 |
||